| 000 | 01266nam a22003977a 4500 | ||
|---|---|---|---|
| 001 | 000014282 | ||
| 003 | CHAP | ||
| 005 | 20220329133946.0 | ||
| 008 | 971013s1940 r 00010 d | ||
| 010 | _a13244 | ||
| 011 | _a14216 | ||
| 035 | _a18289 | ||
| 040 | _cCHAP | ||
| 090 | _aFolleto 4044 | ||
| 100 | 0 | 0 |
_aCassady, John T. _919856 |
| 245 | 0 | _aRevegetating semidesert range lands in the southwest. | |
| 260 |
_aWashington : _bCivilian Conservation Corps., _c1940. |
||
| 300 |
_a22 p. : _b: ilus. |
||
| 490 |
_aForestry publication _v; 8 |
||
| 590 |
_aBATCH-UPD _b10 _c20130110 _lUCH01 _h0104 |
||
| 590 |
_aBATCH-UPD _b10 _c20130110 _lUCH01 _h1431 |
||
| 590 |
_aBATCH-UPD _b10 _c20130410 _lUCH01 _h0908 |
||
| 590 |
_aBATCH-UPD _b10 _c20130914 _lUCH01 _h0855 |
||
| 590 |
_aCONVERSION _b10 _c20130109 _lUCH01 _h1309 |
||
| 590 |
_aE11695DGD _b10 _c20150428 _lUCH01 _h1323 |
||
| 650 | 1 | 4 |
_aArbustos _xRegeneracion. _96742 |
| 650 | 1 | 4 |
_aMalas hierbas _xRegeneración. _970033 |
| 650 | 1 | 4 |
_aPastizales _xRegeneración. _985957 |
| 650 | 1 | 4 |
_aTierras _xRecuperación de. _9113120 |
| 700 | 0 |
_aGlendening, George E. _948273 |
|
| 830 | 0 |
_aForestry publication _v; 8 _942375 |
|
| 901 | _aBK | ||
| 942 | _cFOLL | ||
| 942 | _n0 | ||
| 949 |
_bBC _cFOLL _d-42703 _eTS1 _i18289 _mD _si |
||
| 999 |
_c13244 _d13244 |
||